Technical committee report on road tunnels /

Bibliographic Details
Corporate Authors: International Association of Road Congresses, World Road Congress
Format: Conference Proceeding Book
Language:English
Published: Dickson, Australia : Permanent International Association of Road Congresses, 1983?
Subjects:

MARC

Tag First Indicator Second Indicator Subfields
LEADER 00000cam a2200000 a 4500
001 in00001043708
005 20150928155428.0
008 990915s1983 at ab b 100 0 eng d
035 |a (OCoLC)42374971 
035 |9 AFJ4705AM 
040 |a TXA  |c TXA  |d UtOrBLW 
049 |a TXAM 
090 |a TA805  |b .T43 1983 
245 0 0 |a Technical committee report on road tunnels /  |c XVII World Road Congress, Sydney Australia, 8-15 October 1983. 
264 1 |a Dickson, Australia :  |b Permanent International Association of Road Congresses,  |c 1983? 
300 |a 168 pages :  |b illustrations, maps ;  |c 22 cm. 
336 |a text  |b txt  |2 rdacontent 
337 |a unmediated  |b n  |2 rdamedia 
338 |a volume  |b nc  |2 rdacarrier 
500 |a Cover title. 
504 |a Includes bibliographical references. 
650 0 |a Tunnels  |v Congresses. 
710 2 |a International Association of Road Congresses. 
711 2 |a World Road Congress  |n (17th : 1983 :  |c Sydney, N.S.W.) 
948 |a o:jls 
999 |a MARS 
999 f f |s 9b18a796-6089-311f-98d5-4aa40dd98a71  |i 032baef2-6d9c-340b-8f1b-5b4aaab8bc29  |t 0 
952 f f |p ric  |a Texas A&M University  |b Rellis Campus  |c Joint Library Facility  |d Remote Storage  |t 0  |e TA805 .T43 1983  |h Library of Congress classification  |i unmediated -- volume  |m A14825211576 
998 f f |a TA805 .T43 1983  |t 0  |l Remote Storage